Harry Potter Tile Select Quiz - Statistics

General Stats
  • This quiz has been taken 933 times
  • The average score is 70 of 80
Answer Stats
Question Tile Select % Correct
Hogwarts professors Griphook No
99%
Hogwarts professors Oliver Wood No
99%
Hogwarts professors Stan Shunpike No
99%
Hogwarts professors Nymphadora Tonks No
98%
Hogwarts professors Severus Snape Yes
98%
Hogwarts professors Gellert Grindelwald No
97%
Hogwarts professors Rufus Scrimgeour No
97%
Lord Voldemort's Horcruxes bone No
96%
Lord Voldemort's Horcruxes Deatheaters No
96%
Hogwarts professors Gilderoy Lockhart Yes
96%
Lord Voldemort's Horcruxes hat No
96%
Lord Voldemort's Horcruxes nose No
96%
Hogwarts professors Bathilda Bagshot No
95%
places from the Harry Potter universe Isengard No
95%
Lord Voldemort's Horcruxes mirror No
95%
places from the Harry Potter universe Rohan No
95%
Hogwarts professors Sybill Trelawney Yes
95%
Lord Voldemort's Horcruxes cloak No
94%
subjects at Hogwarts Dancing Lessons No
94%
Lord Voldemort's Horcruxes diary Yes
94%
places from the Harry Potter universe Emerald City No
94%
Hogwarts professors Horace Slughorn Yes
94%
places from the Harry Potter universe Miraz's Castle No
94%
places from the Harry Potter universe Panem No
94%
Hogwarts professors Pomona Sprout Yes
94%
subjects at Hogwarts Potions Yes
94%
Lord Voldemort's Horcruxes Harry Potter Yes
93%
Lord Voldemort's Horcruxes Nagini Yes
93%
members of the Order of the Phoenix Cedric Diggory No
92%
Lord Voldemort's Horcruxes diadem Yes
92%
places from the Harry Potter universe Godric's Hollow Yes
92%
subjects at Hogwarts Herbology Yes
92%
places from the Harry Potter universe Hogsmeade Yes
92%
members of the Order of the Phoenix Sirius Black Yes
92%
places from the Harry Potter universe Troll Valley No
92%
Lord Voldemort's Horcruxes wand No
92%
subjects at Hogwarts Care of Dragons No
91%
Hogwarts professors Madam Rosmerta No
91%
subjects at Hogwarts Nonverbal Magic No
91%
subjects at Hogwarts Transfiguration Yes
91%
members of the Order of the Phoenix Cornelius Fudge No
90%
members of the Order of the Phoenix Garrick Ollivander No
90%
Lord Voldemort's Horcruxes locket Yes
89%
subjects at Hogwarts Muggle Studies Yes
89%
places from the Harry Potter universe The Leaky Cauldron Yes
89%
subjects at Hogwarts Divination Yes
88%
Lord Voldemort's Horcruxes stone No
88%
Lord Voldemort's Horcruxes cup Yes
87%
members of the Order of the Phoenix Ludo Bagman No
87%
Lord Voldemort's Horcruxes ring Yes
87%
Lord Voldemort's Horcruxes sword No
87%
subjects at Hogwarts Astronomy Yes
86%
members of the Order of the Phoenix Cho Chang No
86%
members of the Order of the Phoenix Florean Fortescue No
86%
members of the Order of the Phoenix Lee Jordan No
86%
places from the Harry Potter universe The Burrow Yes
86%
subjects at Hogwarts Incantations No
85%
places from the Harry Potter universe Shrieking Shack Yes
85%
subjects at Hogwarts Flying Yes
84%
places from the Harry Potter universe Honeydukes Yes
83%
places from the Harry Potter universe Knockturn Alley Yes
83%
places from the Harry Potter universe Flourish & Blotts Yes
82%
Hogwarts professors Rolanda Hooch Yes
82%
subjects at Hogwarts Duelling No
81%
places from the Harry Potter universe Fizzing Whizzbees No
81%
places from the Harry Potter universe Howlers & Owls No
81%
members of the Order of the Phoenix Bill Weasley Yes
80%
subjects at Hogwarts Occlumency No
79%
subjects at Hogwarts Alchemy No
77%
subjects at Hogwarts Arithmancy Yes
76%
members of the Order of the Phoenix Frank Longbottom Yes
76%
members of the Order of the Phoenix Percy Weasley No
75%
members of the Order of the Phoenix Severus Snape Yes
75%
members of the Order of the Phoenix Rubeus Hagrid Yes
74%
Hogwarts professors Cuthbert Binns Yes
70%
members of the Order of the Phoenix Mundungus Fletcher Yes
69%
subjects at Hogwarts History of the Dark Arts No
66%
Hogwarts professors Firenze Yes
63%
members of the Order of the Phoenix Peter Pettigrew Yes
40%
members of the Order of the Phoenix Harry Potter No
39%
No matching quizzes found
Score Distribution
Percent of People with Each Score
Percentile by Number Answered
Your Score History
You have not taken this quiz